| 000 | 00756nam a2200229Ia 4500 | ||
|---|---|---|---|
| 003 | GCL | ||
| 005 | 20240530102133.0 | ||
| 008 | 140319s9999 xx 000 0 ara d | ||
| 040 |
_aGCL / _cGCL |
||
| 082 | 0 | 4 |
_a953 _bا ت |
| 100 | 1 | _aاحمد رمضان احمد | |
| 245 | 1 | 0 |
_aتطور علم التاريخ الاسلامى حتى نهاية العصور الوسطى / _cاحمد رمضان احمد |
| 260 |
_a[S.N] : _bالهيئة المصرية العامة للكتاب ، _c1989 |
||
| 300 | _a338 ص | ||
| 650 | 0 | 4 | _aالاسلام |
| 650 | 0 | 4 | _aالتاريخ الاسلامى |
| 650 | 0 | 4 | _aالعرب |
| 650 | 0 | 4 | _aالتاريخ |
| 650 | 0 | 4 | _aالجزيرة العربية |
| 650 | 0 | 4 | _aالعصور الوسطى |
| 942 |
_2ddc _cBK |
||
| 999 |
_c30043 _d30043 |
||